| 000 | 01845cam a22004934i 4500 | ||
|---|---|---|---|
| 003 | PE-LiUPU | ||
| 005 | 20250905103938.0 | ||
| 008 | 150617s1951 ag rb 000 0 spa d | ||
| 035 | _a(Sirsi) a11011 | ||
| 040 |
_aPE-LiUPU _bspa _cPE-LiUPU _erda |
||
| 049 | _aPRUA | ||
| 082 | 0 | 4 |
_a221.6 _bS823i _221 |
| 100 | 1 |
_aSteinmueller, Jhon E., _eautor. |
|
| 245 | 1 | 0 |
_aIntroducción Especial al Antiguo Testamento / _cJhon E. Steinmueller. |
| 264 | 1 |
_aBuenos Aires : _bDesclée, de Brouwer, _c1951. |
|
| 300 |
_a301 páginas ; _c23 cm |
||
| 336 |
_atext _2rdacontent |
||
| 337 |
_aunmediated _2rdamedia |
||
| 338 |
_avolume _2rdacarrier |
||
| 500 | _aObra de introducción crítica y exegética a los libros del Antiguo Testamento. | ||
| 504 | _aIncluye bibliografía y notas al pie de página. | ||
| 505 | 0 | _aLibros históricos del antiguo testamento -- El pentateuco -- Nombre del pentateuco y de cada uno de sus libros en particular -- Contenido y división del pentateuco -- Origen del pentateuco -- Libros didácticos del Antiguo Testamento: Advertencias generales, La poesía en el antiguo testamento -- Libros proféticos del Antiguo Testamento: los profetas mayores, los profetas menores. | |
| 526 | _aSEG42 | ||
| 526 | _aSEG41 | ||
| 526 | _aSEG40 | ||
| 526 | _aSEG39 | ||
| 526 | _aP94 | ||
| 526 | _aP87 | ||
| 526 | _aP86 | ||
| 526 | _aP85 | ||
| 526 | _aP77 | ||
| 526 | _aP76 | ||
| 526 | _aP35 | ||
| 630 | 1 | 4 |
_aBiblia. _pAntiguo Testamento _xIntroducciones. _95964 |
| 630 | 2 | 4 |
_aBiblia. _pAntiguo Testamento _xCrítica, interpretación, etc. _95050 |
| 650 | 2 | 4 |
_aExégesis bíblica. _96816 |
| 910 | _ajck | ||
| 942 |
_2ddc _cBK |
||
| 980 |
_818226 _gJaime Vilcazán Jefe de Análisis Documental |
||
| 999 |
_c1117 | 2 | 3 | 4 _d1117 |
||